Premier League Stadiums 20/21 - Statistics

General Stats
  • This quiz has been taken 38 times
  • The average score is 13 of 20
Answer Stats
Stadium % Correct
Old Trafford
100%
Anfield
97%
Emirates Stadium
97%
Etihad Stadium
97%
Goodison Park
82%
Tottenham Hotspur Stadium
82%
Stamford Bridge
79%
St James' Park
71%
Selhurst Park
68%
Villa Park
68%
King Power Stadium
62%
London Stadium
62%
Turf moor
59%
AMEX Stadium
56%
Craven Cottage
56%
The Hawthorns
56%
St Mary's Stadium
53%
Elland Road
47%
Bramall Lane
41%
Molineux Stadium
6%
No matching quizzes found
Score Distribution
Percent of People with Each Score
Percentile by Number Answered
Your Score History
You have not taken this quiz